<?xml version="1.0" encoding="UTF-8"?>
<record
    xmlns:xsi="http://www.w3.org/2001/XMLSchema-instance"
    xsi:schemaLocation="http://www.loc.gov/MARC21/slim http://www.loc.gov/standards/marcxml/schema/MARC21slim.xsd"
    xmlns="http://www.loc.gov/MARC21/slim">

  <leader>01637agaaa2200301   4500</leader>
  <controlfield tag="001">9224</controlfield>
  <controlfield tag="003">IT-RoPAU</controlfield>
  <controlfield tag="005">20220918181257.0</controlfield>
  <controlfield tag="007">d cvaizq</controlfield>
  <controlfield tag="008">50131s9999||||xx ||| |     ||   ||und||</controlfield>
  <datafield tag="040" ind1=" " ind2=" ">
    <subfield code="a">IT-RoPAU</subfield>
    <subfield code="c">IT-RoPAU</subfield>
  </datafield>
  <datafield tag="041" ind1=" " ind2=" ">
    <subfield code="a">ITALIANO</subfield>
  </datafield>
  <datafield tag="100" ind1=" " ind2=" ">
    <subfield code="a">De Andreis Luca</subfield>
    <subfield code="g">Codice regista SPICS: 27798</subfield>
    <subfield code="9">51650</subfield>
  </datafield>
  <datafield tag="130" ind1=" " ind2=" ">
    <subfield code="a">QUOTIDIANO IN CLASSE (IL)-2-DAL FATTO ALLA NOTIZIA</subfield>
    <subfield code="9">51651</subfield>
  </datafield>
  <datafield tag="245" ind1=" " ind2=" ">
    <subfield code="a">QUOTIDIANO IN CLASSE (IL)-2-DAL FATTO ALLA NOTIZIA</subfield>
    <subfield code="c">Diretto da: De Andreis Luca</subfield>
    <subfield code="p">QUOTIDIANO IN CLASSE (IL)-2-DAL FATTO ALLA NOTIZIA (Rif. Codice opera principale : 79224)</subfield>
  </datafield>
  <datafield tag="250" ind1=" " ind2=" ">
    <subfield code="a">Edizione Standard</subfield>
  </datafield>
  <datafield tag="260" ind1=" " ind2=" ">
    <subfield code="a">ROMA (ITALIA)</subfield>
    <subfield code="b">SAMPAOLO FILM AUDIOVISIVI / Distribuzione: MASTER VIDEO</subfield>
    <subfield code="g">"1986 (1&#xB0; ed.: 1986 ; Ed. Lingua Orig.: 1986)"</subfield>
  </datafield>
  <datafield tag="300" ind1=" " ind2=" ">
    <subfield code="a">VHS</subfield>
    <subfield code="b">sonoro, col.</subfield>
    <subfield code="c">23 minuti</subfield>
  </datafield>
  <datafield tag="508" ind1=" " ind2=" ">
    <subfield code="a">Soggetto: Spinelli Anna Rita -- Tesorio Giuseppe</subfield>
  </datafield>
  <datafield tag="520" ind1=" " ind2=" ">
    <subfield code="a">DALLA NOTIZIA ALLA STAMPA DALLA REDAZIONE ALLA TIPOGRAFIA LA GRANDE MACCHINA DELL'INFORMAZIONE SMONTAN TA PEZZO PER PEZZO IL CORTOMETRAGGIO AIUTA A CONOSCERE E A SAPER LEGGERE IL QUOTIDIANO ILLUSTRANDO IL LAVORO CHE STA DIETRO ALLA SUA NASCITA DALLA TECNICA GIORNALISTICA ALL'IMPAGINAZIONE AI NUOVI SISTEMI DI STAMPA</subfield>
  </datafield>
  <datafield tag="538" ind1=" " ind2=" ">
    <subfield code="a">PAL, STEREO</subfield>
  </datafield>
  <datafield tag="546" ind1=" " ind2=" ">
    <subfield code="a">ITALIANO</subfield>
  </datafield>
  <datafield tag="650" ind1=" " ind2=" ">
    <subfield code="a">DIDATTICO</subfield>
    <subfield code="e">TV-PROG. DIDATTICO/CULTURALI-DOCUMENTARI [VHS]</subfield>
    <subfield code="x">Codice MATERIA SPICS: 9962</subfield>
    <subfield code="9">51652</subfield>
  </datafield>
  <datafield tag="700" ind1=" " ind2=" ">
    <subfield code="a">De Andreis Luca </subfield>
    <subfield code="e">(regista)</subfield>
    <subfield code="g">Codice regista SPICS: 27798</subfield>
    <subfield code="9">51653</subfield>
  </datafield>
  <datafield tag="700" ind1=" " ind2=" ">
    <subfield code="a">Spinelli Anna Rita </subfield>
    <subfield code="e">(soggetto)</subfield>
    <subfield code="g">Codice Soggetto SPICS: 25379</subfield>
    <subfield code="9">51654</subfield>
  </datafield>
  <datafield tag="700" ind1=" " ind2=" ">
    <subfield code="a">Tesorio Giuseppe </subfield>
    <subfield code="e">(soggetto)</subfield>
    <subfield code="g">Codice Soggetto 2&#xB0; SPICS: 22432</subfield>
    <subfield code="9">51655</subfield>
  </datafield>
  <datafield tag="942" ind1=" " ind2=" ">
    <subfield code="c">VH</subfield>
    <subfield code="2">ddc</subfield>
  </datafield>
  <datafield tag="999" ind1=" " ind2=" ">
    <subfield code="c">107326</subfield>
    <subfield code="d">107326</subfield>
  </datafield>
  <datafield tag="952" ind1=" " ind2=" ">
    <subfield code="0">0</subfield>
    <subfield code="1">0</subfield>
    <subfield code="4">0</subfield>
    <subfield code="6">79224_000000000000000</subfield>
    <subfield code="7">1</subfield>
    <subfield code="a">SPICS</subfield>
    <subfield code="b">SPICS</subfield>
    <subfield code="d">2015-01-31</subfield>
    <subfield code="l">0</subfield>
    <subfield code="o">79224</subfield>
    <subfield code="r">2015-01-31 00:00:00</subfield>
    <subfield code="w">2015-01-31</subfield>
    <subfield code="y">VH</subfield>
    <subfield code="z">Progr. Ins.: 2568 / N.Vol.:1 / Copie: 1 / Pag.:16 / Copia rara: n.d. / date import: 1.2.2015 / By Epidotti, Trombetti, Vaglietti</subfield>
  </datafield>
</record>
